| 000 | 00855nam a2200217 a 4500 | ||
|---|---|---|---|
| 001 | 38769 | ||
| 003 | BD-RjUL | ||
| 005 | 20211209052845.0 | ||
| 008 | 160224s1956 ii ||||| |||| 00| 0 ben d | ||
| 035 | _a(BD-RjUL)38878 | ||
| 040 |
_aBD-RjUL _beng _cBD-RjUL |
||
| 041 | _aben | ||
| 082 |
_223 _a891.44109 _bSEC 1956 |
||
| 100 |
_aসেন, সুকুমার _9117517 |
||
| 245 |
_aচর্যাগীতি পদাবলী / _cসুকুমার সেন |
||
| 260 |
_aবর্ধমান,কলিকাতা : _bসাহিত্যসভা, _c১৯৫৬ |
||
| 300 |
_a১৯৬ পৃ. ; _c১২৩ সেমি. |
||
| 650 |
_aবৈষ্ণব কবিতা, বাংলা _xইতিহাস ও সমালোচনা _9118892 |
||
| 650 |
_aVaishnava poetry, Bengali _xHistory and criticism. _9118889 |
||
| 942 |
_2ddc _cBK |
||
| 999 |
_c38769 _d38769 |
||